Envejecer bien : qué es y cómo lograrlo /
Primero de cinco tomos de esta colección, dirigida en especial a personas mayores que han decidido intervenir en su propio proceso de envejecimiento y envejecer bien. Los conceptos generales del buen envejecimiento abren la entrega inicial, dedicada también a explicar formas de envejecimiento activa...
保存先:
| その他の著者: | |
|---|---|
| フォーマット: | 図書 |
| 言語: | スペイン語 |
| 出版事項: |
Madrid, España :
Pirámide,
2002, c2002
|
| シリーズ: | (Vivir con Vitalidad ;
1) |
| 主題: | |
| タグ: |
タグなし, このレコードへの初めてのタグを付けませんか!
|
MARC
| LEADER | 00000nam^a2200000^a^4500 | ||
|---|---|---|---|
| 001 | 000143999 | ||
| 005 | 20250521000000.0 | ||
| 009 | 20260310095745.881 | ||
| 020 | |a 84-368-1682-X | ||
| 037 | |a Acervo ITESO - Biblioteca | ||
| 041 | |a ESP | ||
| 082 | |a 618. 97 |b FER V. 1 | ||
| 100 | |a Fernández-Ballesteros, Rocío |e (dir.) | ||
| 240 | 1 | 1 | |a [Vivir con vitalidad] |
| 245 | 1 | 0 | |a Envejecer bien : |b qué es y cómo lograrlo / |c Dir. y presen. de R. Fernández-Ballesteros. |
| 264 | 4 | |a Madrid, España : |b Pirámide, |c 2002, c2002 | |
| 300 | |a 149 p. | ||
| 336 | |a texto |b txt |2 rdacontenido | ||
| 337 | |a sin mediación |b n |2 rdamedio | ||
| 338 | |a volumen |b nc |2 rdasoporte | ||
| 440 | 1 | |a (Vivir con Vitalidad ; |v 1) | |
| 520 | |a Primero de cinco tomos de esta colección, dirigida en especial a personas mayores que han decidido intervenir en su propio proceso de envejecimiento y envejecer bien. Los conceptos generales del buen envejecimiento abren la entrega inicial, dedicada también a explicar formas de envejecimiento activas y saludables; a mostrar cómo tener una visión positiva de la vida y a la importancia del juego y la creación como elementos esenciales de disfrute y desarrollo. | ||
| 649 | |a XX | ||
| 650 | |a Ancianos - |x Condiciones Psicológicas - |x Tema Principal | ||
| 650 | |a Creatividad | ||
| 650 | |a Psicología Cognitiva | ||
| 650 | |a Juegos | ||
| 650 | |a Prácticas Culturales | ||
| 650 | |a Salud | ||
| 650 | |a Calidad de Vida | ||
| 650 | |a Psicología Evolutiva | ||
| 650 | |a Gerontología - |x Tema Principal | ||
| 910 | |a Fondo General | ||
| 920 | |a Impresos - Libros | ||
| 930 | |a Colección General | ||
| 905 | |a 101 | ||
| 901 | |a 0500073047 |b IT1 |c ACC |u 20250521 | ||
| 901 | |a 0500232911 |b IT1 |c ACC |i C141203 |u 20250521 | ||
| 902 | |a https://opac.biblio.iteso.mx/vufind/Record/000143999 | ||